<?xml version="1.0" encoding="UTF-8"?>
<collection xmlns="http://www.loc.gov/MARC21/slim">
 <record>
  <leader>01344pam a22002898a 4500</leader>
  <controlfield tag="001">00028123</controlfield>
  <controlfield tag="005">20171026081023.0</controlfield>
  <controlfield tag="008">120217s2002                  ||||||viesd</controlfield>
  <datafield tag="020" ind1=" " ind2=" ">
   <subfield code="c">14200</subfield>
  </datafield>
  <datafield tag="041" ind1="0" ind2="#">
   <subfield code="a">vie</subfield>
  </datafield>
  <datafield tag="082" ind1="1" ind2="4">
   <subfield code="a">306.85</subfield>
   <subfield code="b">GI462T</subfield>
  </datafield>
  <datafield tag="245" ind1="1" ind2="0">
   <subfield code="a">Giới tính và đời sống gia đình</subfield>
   <subfield code="c">Nguyễn Quang Mai...[ và những người khác ]</subfield>
  </datafield>
  <datafield tag="260" ind1="#" ind2="#">
   <subfield code="a">Hà Nội</subfield>
   <subfield code="b">Đại Học Quốc Gia Hà Nội</subfield>
   <subfield code="c">2002</subfield>
  </datafield>
  <datafield tag="300" ind1="#" ind2="#">
   <subfield code="a">176tr.</subfield>
   <subfield code="b">Hình ảnh trắng đen</subfield>
   <subfield code="c">21cm.</subfield>
  </datafield>
  <datafield tag="520" ind1="#" ind2="#">
   <subfield code="a">Giáo dục về sức khỏe sinh sản và đời sống gia đình</subfield>
  </datafield>
  <datafield tag="520" ind1="#" ind2="#">
   <subfield code="a">Giới tính</subfield>
   <subfield code="a">Đời sống</subfield>
  </datafield>
  <datafield tag="653" ind1="#" ind2="#">
   <subfield code="a">Dân số</subfield>
  </datafield>
  <datafield tag="653" ind1="#" ind2="#">
   <subfield code="a">Giới tính</subfield>
  </datafield>
  <datafield tag="653" ind1="#" ind2="#">
   <subfield code="a">Gia đình</subfield>
  </datafield>
  <datafield tag="700" ind1="1" ind2="#">
   <subfield code="a">Lê, Thị Ngọc Lan</subfield>
   <subfield code="e">Chủ biên</subfield>
  </datafield>
  <datafield tag="700" ind1="1" ind2="#">
   <subfield code="a">Ngô, Công Hoàn</subfield>
   <subfield code="e">Chủ biên</subfield>
  </datafield>
  <datafield tag="700" ind1="1" ind2="#">
   <subfield code="a">Trần ,Trọng Thủy</subfield>
   <subfield code="e">Chủ biên</subfield>
  </datafield>
  <datafield tag="852" ind1="#" ind2="#">
   <subfield code="b">Kho mượn</subfield>
   <subfield code="j">KM.0009480, KM.0004765, KM.0000889, KM.0002866, KM.0002802, KM.0002769, KM.0010923, KM.0002589, KM.0009436, KM.0009441</subfield>
  </datafield>
  <datafield tag="852" ind1="#" ind2="#">
   <subfield code="j">KM.0009480</subfield>
   <subfield code="j">KD.0012495</subfield>
   <subfield code="j">KM.0004765</subfield>
   <subfield code="j">KM.0000889</subfield>
   <subfield code="j">KM.0002866</subfield>
   <subfield code="j">KM.0002802</subfield>
   <subfield code="j">KM.0010923</subfield>
   <subfield code="j">KM.0009441</subfield>
   <subfield code="j">KM.0002589</subfield>
   <subfield code="j">KM.0002769</subfield>
   <subfield code="j">KM.0009436</subfield>
  </datafield>
  <datafield tag="852" ind1="#" ind2="#">
   <subfield code="b">Kho đọc</subfield>
   <subfield code="j">KD.0012495</subfield>
  </datafield>
  <datafield tag="910" ind1="0" ind2="#">
   <subfield code="a">Ngọc Nữ</subfield>
   <subfield code="d">17/02/2012</subfield>
  </datafield>
  <datafield tag="980" ind1="#" ind2="#">
   <subfield code="a">Trung tâm Học liệu Lê Vũ Hùng, Trường Đại học Đồng Tháp</subfield>
  </datafield>
 </record>
</collection>
